Transforming early head start home visiting a family life education approach
Պահպանված է:
| Հիմնական հեղինակ: | |
|---|---|
| Ձևաչափ: | Գիրք |
| Լեզու: | անգլերեն |
| Հրապարակվել է: |
Routledge
2020
|
| Ցուցիչներ: |
Ավելացրեք ցուցիչ
Չկան պիտակներ, Եղեք առաջինը, ով նշում է այս գրառումը!
|
MARC
| LEADER | 00000nam a22000007a 4500 | ||
|---|---|---|---|
| 008 | 240221b |||||||| |||| 00| 0 eng d | ||
| 020 | |a 9781138037113 | ||
| 100 | |a WALSH, Bridget A. |a Mortensen, Jennifer A. | ||
| 245 | |a Transforming early head start home visiting |b a family life education approach |c / Bridget A. Walsh and Jennifer A. Mortensen |g xvi, 419p | ||
| 260 | |b Routledge |c 2020 |i 700103 |i 700104 |l HQ503.W14 |m Families |m Child development |m Developmental psychology | ||
| 500 | |a it includes index | ||
| 942 | |a lcc |c BK |e Johnson |f 21/02/24 | ||
| 952 | |0 0 |1 0 |2 lcc |4 0 |6 HQ0503 W14 |7 0 |9 4862 |a SSL |b HOL |c GJ |d 2024-02-21 |l 0 |o HQ503.W14 |p 2024-0115 |r 2024-02-21 00:00:00 |t 700103 |w 2024-02-21 |y BK | ||
| 952 | |0 0 |1 0 |2 lcc |4 0 |6 HQ0503 W14 |7 0 |9 4863 |a HOL |b HOL |c GJ |d 2024-02-21 |l 0 |o HQ503.W14 |p 2024-0116 |r 2024-02-21 00:00:00 |t 700104 |w 2024-02-21 |y BK | ||
| 999 | |c 2424 |d 2424 | ||